000 00320nam a22001337a 4500
008 181023b xxu||||| |||| 00| 0 eng d
020 _a9780205156542
041 _aeng
080 _26th
_a371
100 _a46
101 _aEDU
245 _aResearch Methods in Education an Introduction
_cWiersma,W
942 _2udc
_cBK
999 _c50644
_d50644